|
|
|
|
| LEADER |
00000nam a2200000 a 4500 |
| 001 |
UCH7972 |
| 003 |
CL-VaPUC |
| 008 |
091127e19700000US |||||||||||||||||spa|d |
| 082 |
0 |
4 |
|a 570
|b BAK
|2 21
|
| 100 |
0 |
|
|a Baker, Jeffrey J. W
|e author
|9 544360
|
| 700 |
0 |
|
|a Allen, Garland E
|e author
|9 544361
|
| 245 |
1 |
0 |
|a Biología
|
| 300 |
|
|
|a 666 p
|
| 942 |
|
|
|c BK
|
| 945 |
|
|
|d 20091127 00:00:00
|a ccalabra
|
| 260 |
|
|
|a Cambridge
|b s.n
|c 1970
|
| 650 |
|
0 |
|a Biología
|9 262022
|
| 650 |
|
0 |
|a Ciencias naturales
|9 260542
|
| 650 |
|
0 |
|a Educación
|9 258661
|
| 650 |
|
0 |
|a Fisiología celular
|9 261425
|
| 650 |
|
0 |
|a Morfología
|9 334440
|
| 650 |
|
0 |
|a Biología molecular
|9 269677
|
| 650 |
|
0 |
|a Ciencias de la vida
|9 314137
|
| 583 |
|
|
|a last modification
|c 20190725 10:54:26
|k Rodrigo Vera
|
| 999 |
|
|
|c 338261
|d 338259
|